Normal view
MARC view
- الفاعوري، وائل إبراهيم احمد فالح
Entry Personal Name
001 - CONTROL NUMBER
- control field: 48020
003 - CONTROL NUMBER IDENTIFIER
- control field: JO-AjAnu
005 - DATE AND TIME OF LATEST TRANSACTION
- control field: 20230606081925.0
008 - FIXED-LENGTH DATA ELEMENTS
- fixed length control field: 230606|| aca||aabn | a|a d
040 ## - CATALOGING SOURCE
- Original cataloging agency: JO-AjAnu
- Transcribing agency: JO-AjAnu
100 ## - HEADING--PERSONAL NAME
- Personal name: الفاعوري، وائل إبراهيم احمد فالح
670 ## - SOURCE DATA FOUND
- Source citation: Work cat.: (JO-AjAnu)24570: الفاعوري، وائل إبراهيم احمد فالح , author, ماء الذهب في الكشف عن الأصل والنسب: الفواعير وأبناء عمومتهم "القطيشات"، الجعابرة، المبيضين، الجغيسر